000 00506nam a22001937a 4500
003 OSt
005 20170105103441.0
008 120424t xxu||||| |||| 00| 0 eng d
020 _a9788131203101
040 _aASAB
_cASAB Library
050 _a579.1, CHA
100 _aSubhash Chandra Parija
_9105
245 _aTextbook of Microbiology
_cSubhash Chandra Parija
260 _aIndia
_bElsevier
300 _a822
440 _aTextbook of Microbiology
_9106
650 _aMicrobiology
_9107
942 _2lcc
_cBK
999 _c16459
_d16459